00920nam a22002657a 450000100090000000300040000900500170001300800410003002000180007102000250008904000100011408200220012424501150014625000120026126000440027330000330031750400680035065000600041865000500047865000310052865000270055965000230058665000210060970000240063017198491OSt20150408114217.0140514s2013 enka g b 001 0 eng  a9780415677486 a9780415677479 (pbk.) aMa-Un00222a808.0427bWAR00aWays of reading :bAdvanced reading skills for students of English literature /cMartin Montgomery... [et al.] a4th ed. aLondon ;aNew York :bRoutledge,c2013. aix, 374 p. :bill. ;c26 cm. aIncludes bibliographical references (p. [358]-364) and indexes. aEnglish literaturexHistory and criticismxTheory, etc. aEnglish literaturevProblems, exercises, etc. aReading (Higher education) aReading comprehension. aBooks and reading. aCollege readers.1 aMontgomery, Martin.